| 000 | 00496nam a2200217Ia 4500 | ||
|---|---|---|---|
| 005 | 20251020182512.0 | ||
| 008 | 200515s9999 xx 000 0 und d | ||
| 082 | _a651.741.78/V24 | ||
| 100 | _aValle Degregori, Alfredo | ||
| 245 | 0 | _aManual de ortografĂa | |
| 250 | _a2a ed. | ||
| 260 | _aLima | ||
| 260 | _bEDITORIAL UNIVERSO S.A. | ||
| 260 | _c19?? | ||
| 300 | _a228 p. | ||
| 300 | _bil., graf. | ||
| 500 | _a1 ejemplar | ||
| 650 | _aORTOGRAFIA | ||
| 942 | _cLIB | ||
| 999 |
_c1456 _d1456 |
||